Score 0/24 Timer 05:00
3 Plays Today
% Correct
Gladiator
86.2%
LOTR: The Fellowship of the Ring
85.3%
Saving Private Ryan
83.5%
Reservoir Dogs
77.3%
Harry Potter and the Goblet of Fire
74.3%
Die Hard
66.6%
X-Men
65.2%
Titanic
62.6%
The Incredibles
62.1%
The Hunt for Red October
58.1%
Kill Bill: Vol. II
56.1%
For Your Eyes Only
54.2%
% Correct
Alien
52.7%
The Shawshank Redemption
49.9%
Milk
48.5%
Patriot Games
46.6%
Raiders of the Lost Ark
41.5%
A Nightmare on Elm Street
37.8%
Blade Runner
37.7%
Jurassic Park
36.4%
Zoolander
27.7%
V for Vendetta
27.1%
The Crow
19.3%
The Wild Bunch
19.1%
Remove Ads.
Support Sporcle.
Get the best of Sporcle when you Go Orange. This ad-free experience offers more features, more stats, and more fun while also helping to support Sporcle. Thank you for becoming a member.

You're not logged in!

Compare scores with friends on all Sporcle quizzes.
OR
Log In

Show Comments

Extras

Top Quizzes Today


Score Distribution

Your Account Isn't Verified!

In order to create a playlist on Sporcle, you need to verify the email address you used during registration. Go to your Sporcle Settings to finish the process.

Report this User

Report this user for behavior that violates our Community Guidelines.

Details: